Photography Today 1947-48 (Record no. 589949)

MARC details
000 -LEADER
fixed length control field 00385nam a2200145Ia 4500
008 - FIXED-LENGTH DATA ELEMENTS--GENERAL INFORMATION
fixed length control field 100415s9999 xx 000 0 und d
082 ## - DEWEY DECIMAL CLASSIFICATION NUMBER
Item number 6987
Classification number 770
100 ## - MAIN ENTRY--PERSONAL NAME
Personal name Lewis Harold (ed.)
245 ## - TITLE STATEMENT
Title Photography Today 1947-48
260 ## - PUBLICATION, DISTRIBUTION, ETC. (IMPRINT)
Place of publication, distribution, etc LONDON
Date of publication, distribution, etc 1947
Name of publisher, distributor, etc PRESS CENTRAL LTD
365 ## - TRADE PRICE
Price amount 0
630 ## - SUBJECT ADDED ENTRY--UNIFORM TITLE
Uniform title Photography Today 1947-48
730 ## - ADDED ENTRY--UNIFORM TITLE
Uniform title Photography Today 1947-48
942 ## - ADDED ENTRY ELEMENTS (KOHA)
Koha item type Book
Holdings
Withdrawn status Lost status Damaged status Not for loan Home library Current library Date acquired Cost, normal purchase price Total Checkouts Full call number Barcode Date last seen Price effective from Koha item type
        Bombay Natural History Society Bombay Natural History Society 06/03/1998 0.00   770 6987 BNHS-6987 04/15/2010 04/15/2010 Book